书目信息 |
| 题名: |
世界课程改革趋势研究
|
|
| 作者: | 钟启泉 , 张华 主编 | |
| 分册: | 下卷 学科课程改革研究 | |
| 出版信息: | 北京 北京师范大学出版社 2001 |
|
| 页数: | 713~1210页 | |
| 开本: | 23cm | |
| 丛书名: | ||
| 单 册: | ||
| 中图分类: | G423.07 | |
| 科图分类: | ||
| 主题词: | 课程--教学改革--研究--世界 | |
| 电子资源: | ||
| ISBN: | 7-303-05868-0 | |
| 000 | 00907nam0 2200241 45 | |
| 001 | 012002007121 | |
| 005 | 20050321142937.0 | |
| 010 | @a7-303-05868-0@dCNY100.00 | |
| 100 | @a20020118d2001 emky0chiy0110 ea | |
| 101 | 0 | @achi |
| 102 | @aCN@b110000 | |
| 105 | @ay z 000yy | |
| 200 | 1 | @a世界课程改革趋势研究@Ashi jie ke cheng gai ge qu shi yan jiu@h下卷@i学科课程改革研究@f钟启泉,张华主编@FZhong Qi Quan,Zhang Hua Zhu Bian |
| 210 | @a北京@c北京师范大学出版社@d2001 | |
| 215 | @a713~1210页@d23cm | |
| 300 | @a国家基础教育课程改革项目 | |
| 330 | @a本卷对基础教育语文课程发展的现状与趋势,基础教育数学课程发展的现状与趋势,基础教育外语课程发展的现状与趋势,基础教育物理课程发展的现状与趋势等问题进行了研究。 | |
| 606 | 0 | @a课程@x教学改革@x研究@y世界 |
| 690 | @aG423.07@v4 | |
| 701 | 0 | @a钟启泉@4主编 |
| 701 | 0 | @a张华@4主编 |
| 801 | 0 | @aCN@bNLC@c20020125 |
| 905 | @f3@b345714-716@dG423.07@e99:3 | |
| 世界课程改革趋势研究.下卷.学科课程改革研究/钟启泉,张华主编.-北京:北京师范大学出版社,2001 |
| 713~1210页;23cm |
| 国家基础教育课程改革项目 |
| ISBN 7-303-05868-0:CNY100.00 |
| 本卷对基础教育语文课程发展的现状与趋势,基础教育数学课程发展的现状与趋势,基础教育外语课程发展的现状与趋势,基础教育物理课程发展的现状与趋势等问题进行了研究。 |
| ● |
| 相关链接 |
|
|
|
|
正题名:世界课程改革趋势研究
索取号:G423.07/99:3
 
预约/预借
| 序号 | 登录号 | 条形码 | 馆藏地/架位号 | 状态 | 备注 |
| 1 | 0345714 | 203457142 | 第一样本阅览室/ [索取号:G423.07/99:3] | 在馆 | |
| 2 | 0345715 | 203457151 | 第四借阅区/ [索取号:G423.07/99:3] | 在馆 | |
| 3 | 0345716 | 203457160 | 第四借阅区/ [索取号:G423.07/99:3] | 在馆 |